Gorgona marina : (Registro nro. 2581)

Detalles MARC
000 -CABECERA
Campo de control 00975cam a2200253 i 4500
005 - FECHA Y HORA DE LA ULTIMA TRANSACCION
Campo de control 20191224041641.0
008 - ELEMENTOS DE LONGITUD FIJA—INFORMACION GENERAL
Campo de control 020426s2001 ck ab r 00010 spa d
015 ## - NATIONAL BIBLIOGRAPHY NUMBER
National bibliography number ck-2001-xxxx
020 ## - ISBN
ISBN 9589697224
040 ## - FUENTE DE CATALOGACIÓN
Agencia catalogadora original la
Agencia transcriptora la
Agencia Modificadora co-bOiavh
041 0# - IDIOMA
Código de idioma para texto/pista de sonido o título separado Español
043 ## - GEOGRAPHIC AREA CODE
Geographic area code s-ck---
044 ## - PAÍS DE PUBLICACIÓN
País de publicación Colombia
082 04 - NUMERO DE CLASIFICACION DECIMAL DEWEY
Número de clasificación 591.77
Número del ítem I62g
110 2# - ASIENTO PRINCIPAL--NOMBRE CORPORATIVO
Nombre corporativo o de jurisdicción como elemento de entrada Instituto de Investigaciones Marinas y Costeras José Benito Vives de Andréis.
9 (RLIN) 60876
245 10 - MENCION DE TITULO
Título Gorgona marina :
Parte restante del título contribución al conocimiento de una isla única /
Mención de responsabilidad Instituto de Investigaciones Marinas y Costeras José Benito Vives de Andréis.
260 ## - PUBLICACION, DISTRIBUCION, ETC. (PIE DE IMPRENTA)
Lugar de publicación, distribución, etc. Santa Marta :
Nombre del editor, distribuidor, etc. Invemar,
Fecha de publicación, distribución, etc. 2001.
300 ## - DESCRIPCION FISICA
Extensión 160 páginas :
Otros detalles físicos ilustraciones y mapas ;
Dimensiones 33 cm.
650 14 - ASIENTO SECUNDARIO DE MATERIA - TERMINO TEMATICO
Término temático o nombre geográfico como elemento de entrada Parques nacionales
Subdivisión geográfica Colombia.
9 (RLIN) 60877
650 24 - ASIENTO SECUNDARIO DE MATERIA - TERMINO TEMATICO
Término temático o nombre geográfico como elemento de entrada Fauna marina
Subdivisión geográfica Gorgona (Isla, Colombia)
9 (RLIN) 60878
651 24 - ASIENTO SECUNDARIO DE MATERIA - NOMBRE GEOGRAFICO
Nombre geográfico Gorgona (Isla, Colombia)
Subdivisión general Descripciones y viajes.
9 (RLIN) 60879
651 24 - ASIENTO SECUNDARIO DE MATERIA - NOMBRE GEOGRAFICO
Nombre geográfico Gorgona (Isla, Colombia)
9 (RLIN) 20619
942 ## - ELEMENTOS ADICIONALES (KOHA)
Sistema de clasificación Dewey Decimal Classification
Tipo de ítem Libro
Koha issues (borrowed), all copies 1
Existencias
Withdrawn status Lost status Sistema de Clasificación Damaged status No para préstamo Colección Inventariado Ubicación Permanente Ubicación actual Fecha de adquisición Fuente de Valor Valor Total Checkouts Número topográfico Inventario / Código de Barras Date last seen Ejemplar Price effective from Forma de adquisición Tipo de material Date checked out
    Dewey Decimal Classification     General Inventariado 2017 Bogotá Bogotá 25/03/2004 Instituto 39000.00   LB-591.77 I62g 015844 04/12/2012 Ej. 2 04/12/2012   Libro  
    Dewey Decimal Classification     General Inventariado 2017 Bogotá Bogotá 11/03/2014 Instituto 39000.00 1 LB-591.77 I62g 034138 07/03/2016 Ej. 1 11/03/2014   Libro 07/03/2016
    Dewey Decimal Classification     General Inventariado 2017 Sala Fabio Quevedo Sala Fabio Quevedo 02/04/2002 Instituto 39000.00   LB-591.77 I62g 003618 04/12/2012 Ej. 3 04/12/2012   Libro  
    Local     General   Villa de Leyva Villa de Leyva 11/12/2002 INVEMAR     LB-02391 003619 04/12/2012 Ej. 4 04/12/2012   Libro